Catálogo
 En Linea

Contos do Rio de Janeiro / (Registro nro. 35104)

Detalles MARC
000 -CABECERA
campo de control de longitud fija 00541nam a2200157 a 4500
001 - NÚMERO DE CONTROL
campo de control 000035613
005 - FECHA Y HORA DE LA ÚLTIMA TRANSACCIÓN
campo de control 20200930074456.0
008 - DATOS DE LONGITUD FIJA--INFORMACIÓN GENERAL
campo de control de longitud fija 111105s2008 br 000 0 spa d
020 ## - NÚMERO INTERNACIONAL ESTÁNDAR DEL LIBRO
Número Internacional Estándar del Libro 9788599508114
040 ## - FUENTE DE LA CATALOGACIÓN
Centro catalogador/agencia de origen DO-SdBNP
Lengua de catalogación spa
Centro/agencia transcriptor BNPHU
100 1# - ENTRADA PRINCIPAL--NOMBRE DE PERSONA
Nombre de persona Machado de Assis
9 (RLIN) 61515
245 10 - MENCIÓN DE TÍTULO
Título Contos do Rio de Janeiro /
Mención de responsabilidad, etc. Machado de Assis.
260 ## - PUBLICACIÓN, DISTRIBUCIÓN, ETC.
Lugar de publicación, distribución, etc. Brasília :
Nombre del editor, distribuidor, etc. Editorial Babel :
-- Ministério da Cultura. Fundacao Bilioteca Nacional,
Fecha de publicación, distribución, etc. 2008.
300 ## - DESCRIPCIÓN FÍSICA
Extensión 125 p. ;
Dimensiones 21 cm.
500 ## - NOTA GENERAL
Nota general Incluye datos biográficas del autor en la contrasolapa
Existencias
Estado de retiro Estado de pérdida Restricciones de uso No para préstamo Código de colección Localización permanente Ubicación/localización actual Ubicación en estantería Fecha de adquisición Número de inventario Total de préstamos Signatura topográfica completa Código de barras Fecha visto por última vez Precio válido a partir de Tipo de ítem Koha
        Monografías: Libros y Folletos General General Orden iniciada 05.11.2011 LF1   35613-10 25.06.2020 25.06.2020 No se presta

Con tecnología Koha